000 00650cas a2200169 4500
008 100615n eng u
022 _a0020-2754
035 _a(Sirsi) a170079
050 _aG7.I5B7.T7
245 _aInstitute of British Geographers: Transactions.
260 _aLiverpool
_b George Phillip and Son Ltd
310 _aQuarterly.
362 _aNo. 38, 1966 - Vol. 15, No.3, 1990.
520 _aIt covers discussion and advancement of Geography and to promote the interests of geography and geographers on a national and international bassis.
650 _aGeography.
780 _aTransaction of the Institute of British Geographers.
999 _c9191
_d9191